Prístupy k zavedeniu systému spoločného konsolidovaného základu dane spoločnosti v EÚ a jeho perspektíva

V rámci harmonizačných procesov EÚ v oblasti priamych daní sa najintenzívnejšie pracuje na harmonizácii korporátnej dane. Rokovania členských štátov naznačili, že najpriechodnejšia by mala byť koncepcia spoločného konsolidovaného základu dane korporácií. Od uvedeného rozhodnutia ubehlo už viac ako 1...

ver descrição completa

Na minha lista:
Detalhes bibliográficos
Autor principal: Schultzová, Anna
Formato: Capítulo de Livro
Idioma:eslovaco
Assuntos:
Tags: Adicionar Tag
Sem tags, seja o primeiro a adicionar uma tag!

MARC

LEADER 00000nla a2200000 4500
001 0180076
005 20240502083423.6
041 0 |a slo 
044 |a CZ 
245 1 0 |a Prístupy k zavedeniu systému spoločného konsolidovaného základu dane spoločnosti v EÚ a jeho perspektíva  |c Anna Schultzová 
520 |a V rámci harmonizačných procesov EÚ v oblasti priamych daní sa najintenzívnejšie pracuje na harmonizácii korporátnej dane. Rokovania členských štátov naznačili, že najpriechodnejšia by mala byť koncepcia spoločného konsolidovaného základu dane korporácií. Od uvedeného rozhodnutia ubehlo už viac ako 10 rokov a tento systém stále nie je funkčný a je ťažko priechodný aj cez legislatívu EÚ vyžadujúcu konsenzus pri schvaľovaní predkladaných návrhov. 
610 2 0 |a dane 
610 2 0 |a základ dane 
610 2 0 |a harmonizácia 
610 2 0 |a konsolidácia 
610 2 0 |a politika daňová 
610 2 0 |a Európska únia 
100 1 |a Schultzová, Anna